You Don't Know Javascript (Record no. 216774)

MARC details
000 -LEADER
fixed length control field 00479nam a2200169Ia 4500
008 - FIXED-LENGTH DATA ELEMENTS--GENERAL INFORMATION
fixed length control field 230714s9999 xx 000 0 und d
020 ## - INTERNATIONAL STANDARD BOOK NUMBER
International Standard Book Number 9790000000000
041 ## - LANGUAGE CODE
Language code of text/sound track or separate title eng
082 ## - DEWEY DECIMAL CLASSIFICATION NUMBER
Classification number 005.13'3
Item number SIM
100 ## - MAIN ENTRY--PERSONAL NAME
Personal name Simpson K.
9 (RLIN) 198409
245 ## - TITLE STATEMENT
Title You Don't Know Javascript
Remainder of title Async And Performance
260 ## - PUBLICATION, DISTRIBUTION, ETC. (IMPRINT)
Date of publication, distribution, etc. 2015
Name of publisher, distributor, etc. SPD/O'Reilly
300 ## - PHYSICAL DESCRIPTION
Extent 280
365 ## - TRADE PRICE
Currency code Rs.
Price amount 475.00
700 ## - ADDED ENTRY--PERSONAL NAME
Personal name Simpson K.
9 (RLIN) 198409
906 ## - LOCAL DATA ELEMENT F, LDF (RLIN)
d O:0485919-Jan-2016B:SE/SI/265013-Oct-2015
c IT
b 593.75

No items available.